000 00679nam a22002417a 4500
003 UA-OsUOA
001 76331
007 ta
008 20110629b un ||||| |||| 00| 0 ukr d
100 _aКашаев С.М.
090 _a004.42
_bК31
942 _cBK
040 _aUA-OsUOA
_brus
_cUA-OsUOA
_dUA-OsUOA
245 _aОфисные решения с использованием Microsoft Exel 2007 и VBA (+CD)
300 _a352 с.
955 _a2
041 _arus
080 _a004.42
020 _a978-5-388-00383-6
260 _aСПб
_bПитер
_c2009
650 7 _a00 Загальні питання науки і культури
_2UDC
999 _c362634
_d362634